000 00867nam a2200217 4500
001 99761
003 ES-MaACL
005 20230906182542.0
007 t|
008 050915s1936 sp f ||||1| spa d
245 0 0 _aTrujillo del Perú a fines del Siglo XVIII
_b: dibujos y acuarelas que mandó hacer el obispo D. Baltasar Jaime Martínez Compañón.
260 _aMadrid :
_bPatrimonio de la República :
_bBiblioteca de Palacio,
_c[1936]
300 _aCIV h. de lám. ;
_c25 cm.
599 _aLám.: mapas, planos, il. col. y n.
650 0 4 _aNaturaleza-
_zPerú-
_vObras anteriores a 1800.
_9142620
651 4 _aPerú-
_xDescripción-
_vObras anteriores a 1800.
_9142621
651 4 _aPerú-
_vObras ilustradas.
_9142625
700 1 _aMartínez Compañón, Baltasar Jaime.
_977949
710 2 _aPalacio Real (Madrid).
_bBiblioteca.
_96101
852 4 _a BA
_jC-2773
999 _c99761
_d99761